000 00313nam a22001337a 4500
008 180226b xxu||||| |||| 00| 0 eng d
020 _a2900072378732
041 _aeng
080 _a37
100 _a47
101 _aEDU
245 _aBeing a writer a community of writers revisited
_cElbow,P
942 _2udc
_cBK
999 _c43394
_d43394